Medicine & surgery : (Record no. 84955)

MARC details
000 -LEADER
fixed length control field 01477cam a22004214a 4500
001 - CONTROL NUMBER
control field 14626660
003 - CONTROL NUMBER IDENTIFIER
control field CBULib
005 - DATE AND TIME OF LATEST TRANSACTION
control field 20240423113935.0
008 - FIXED-LENGTH DATA ELEMENTS--GENERAL INFORMATION
fixed length control field 061107s2007 stka b 001 0 eng
010 ## - LIBRARY OF CONGRESS CONTROL NUMBER
LC control number 2006052624
015 ## - NATIONAL BIBLIOGRAPHY NUMBER
National bibliography number GBA716196
Source bnb
016 7# - NATIONAL BIBLIOGRAPHIC AGENCY CONTROL NUMBER
Record control number 101292665
Source DNLM
016 7# - NATIONAL BIBLIOGRAPHIC AGENCY CONTROL NUMBER
Record control number 013683355
Source Uk
020 ## - INTERNATIONAL STANDARD BOOK NUMBER
International Standard Book Number 9780443072604
035 ## - SYSTEM CONTROL NUMBER
System control number (OCoLC)ocm76821186
035 ## - SYSTEM CONTROL NUMBER
System control number (OCoLC)76821186
040 ## - CATALOGING SOURCE
Original cataloging agency DNLM/DLC
Transcribing agency DLC
Modifying agency NLM
-- BTCTA
-- UKM
-- YDXCP
-- BWKUK
-- BWK
-- DLC
042 ## - AUTHENTICATION CODE
Authentication code pcc
050 00 - LIBRARY OF CONGRESS CALL NUMBER
Classification number RC48
Item number .M434 2007
060 00 - NATIONAL LIBRARY OF MEDICINE CALL NUMBER
Classification number 2007 I-964
060 10 - NATIONAL LIBRARY OF MEDICINE CALL NUMBER
Classification number WB 102
Item number M4894 2007
082 00 - DEWEY DECIMAL CLASSIFICATION NUMBER
Classification number 616
Edition number 22
245 00 - TITLE STATEMENT
Title Medicine & surgery :
Remainder of title an integrated textbook /
Statement of responsibility, etc. edited by Eric Kian Saik Lim ; associate editor for medicine, Yoon Kong Loke ; associate editor for surgery, Alastair Thompson.
246 3# - VARYING FORM OF TITLE
Title proper/short title Medicine and surgery
260 ## - PUBLICATION, DISTRIBUTION, ETC.
Place of publication, distribution, etc. Edinburgh ;
-- New York :
Name of publisher, distributor, etc. Elsevier/Churchill Livingstone,
Date of publication, distribution, etc. 2007.
300 ## - PHYSICAL DESCRIPTION
Extent xvi, 1042 p. :
Other physical details col. ill. ;
Dimensions 26 cm.
504 ## - BIBLIOGRAPHY, ETC. NOTE
Bibliography, etc. note Includes bibliographical references and index.
650 #0 - SUBJECT ADDED ENTRY--TOPICAL TERM
Topical term or geographic name entry element Clinical medicine.
650 #0 - SUBJECT ADDED ENTRY--TOPICAL TERM
Topical term or geographic name entry element Surgery, Operative.
650 12 - SUBJECT ADDED ENTRY--TOPICAL TERM
Topical term or geographic name entry element Clinical Medicine.
650 22 - SUBJECT ADDED ENTRY--TOPICAL TERM
Topical term or geographic name entry element Surgical Procedures, Operative.
700 1# - ADDED ENTRY--PERSONAL NAME
Personal name Lim, Eric Kian Saik.
700 1# - ADDED ENTRY--PERSONAL NAME
Personal name Loke, Yoon Kong.
700 1# - ADDED ENTRY--PERSONAL NAME
Personal name Thompson, Alastair M.
906 ## - LOCAL DATA ELEMENT F, LDF (RLIN)
a 7
b cbc
c orignew
d 1
e ocip
f 20
g y-gencatlg
942 ## - ADDED ENTRY ELEMENTS (KOHA)
Source of classification or shelving scheme
Koha item type MONOGRAPH
Suppress in OPAC No
Holdings
Withdrawn status Lost status Source of classification or shelving scheme Damaged status Not for loan Collection code Home library Current library Shelving location Date acquired Inventory number Total Checkouts Barcode Date last seen Date last checked out Price effective from Koha item type
          Medical Library Collection CBU-SCHOOL OF MEDICINE LIBRARY, NDOLA. CBU-MAIN LIBRARY, KITWE. School of Medicine Collection - Hospital Campus 04/23/2024 RC 48 Med 1 902055 05/08/2024 04/23/2024 04/23/2024 MONOGRAPH